Получение строительных материалов неавтоклавного твердения; Проблемы геологии и освоения недр; Т. 2

Dades bibliogràfiques
Parent link:Проблемы геологии и освоения недр: труды XVII Международного симпозиума имени академика М. А. Усова студентов и молодых ученых, Томск, 1-5 апреля 2013 г./ Национальный исследовательский Томский политехнический университет (ТПУ), Институт природных ресурсов (ИПР) ; Общество инженеров-нефтяников, Студенческий чаптер ; под ред. А. Ю. Дмитриева.— , 2013
Т. 2.— 2013.— [С. 677-679]
Autor principal: Мухортов Е. С.
Autor corporatiu: Национальный исследовательский Томский политехнический университет (ТПУ) Институт физики высоких технологий (ИФВТ) Кафедра технологии силикатов и наноматериалов (ТСН)
Altres autors: Абрамов А. О. (научный руководитель), Резвая Е. А., Антипина С. А. Светлана Анатольевна
Sumari:Заглавие с экрана
Idioma:rus
Publicat: 2013
Col·lecció:Комплексное использование минерального сырья
Matèries:
Accés en línia:http://www.lib.tpu.ru/fulltext/c/2013/C11/V2/329.pdf
Format: Electrònic Capítol de llibre
KOHA link:https://koha.lib.tpu.ru/cgi-bin/koha/opac-detail.pl?biblionumber=605350

MARC

LEADER 00000naa2a2200000 4500
001 605350
005 20260226155414.0
035 |a (RuTPU)RU\TPU\conf\2635 
035 |a RU\TPU\conf\2632 
090 |a 605350 
100 |a 20140409d2013 k y0rusy50 ca 
101 0 |a rus 
102 |a RU 
135 |a arnn ---uucaa 
181 0 |a i  
182 0 |a b 
200 1 |a Получение строительных материалов неавтоклавного твердения  |f Е. С. Мухортов, А. О. Абрамов, Е. А. Резвая  |g науч. рук. С. А. Антипина 
203 |a Текст  |c электронный 
225 1 |a Комплексное использование минерального сырья 
300 |a Заглавие с экрана 
320 |a [Библиогр.: с. 679 (3 назв.)] 
337 |a Adobe Reader 
461 1 |0 (RuTPU)RU\TPU\conf\37  |t Проблемы геологии и освоения недр  |o труды XVII Международного симпозиума имени академика М. А. Усова студентов и молодых ученых, Томск, 1-5 апреля 2013 г.  |o в 2 т.  |f Национальный исследовательский Томский политехнический университет (ТПУ), Институт природных ресурсов (ИПР) ; Общество инженеров-нефтяников, Студенческий чаптер ; под ред. А. Ю. Дмитриева  |d 2013 
463 1 |0 (RuTPU)RU\TPU\conf\39  |t Т. 2  |v [С. 677-679]  |d 2013 
610 1 |a труды учёных ТПУ 
610 1 |a электронный ресурс 
610 1 |a строительные материалы 
610 1 |a неавтоклавное твердение 
610 1 |a кремнесодержащие материалы 
700 1 |a Мухортов  |b Е. С. 
701 1 |a Абрамов  |b А. О. 
701 1 |a Резвая  |b Е. А. 
702 1 |a Антипина  |b С. А.  |c российский ученый, специалист в области технологии силикатов и наноматериалов  |c старший преподаватель Томского политехнического университета, кандидат технических наук  |f 1980-  |g Светлана Анатольевна  |4 727 
712 0 2 |a Национальный исследовательский Томский политехнический университет (ТПУ)  |b Институт физики высоких технологий (ИФВТ)  |b Кафедра технологии силикатов и наноматериалов (ТСН)  |3 (RuTPU)RU\TPU\col\18694 
801 2 |a RU  |b 63413507  |c 20230316  |g RCR 
856 4 |u http://www.lib.tpu.ru/fulltext/c/2013/C11/V2/329.pdf 
942 |c CF